|
|
|
|
| LEADER |
01043nab a2200241 i 4500 |
| 001 |
acta25079 |
| 005 |
20220829090128.0 |
| 008 |
161017s2000 hu o 0|| eng d |
| 022 |
|
|
|a 0365-8066
|
| 040 |
|
|
|a SZTE Egyetemi Kiadványok Repozitórium
|b hun
|
| 041 |
|
|
|a eng
|
| 100 |
1 |
|
|a Tóth Erzsébet
|
| 245 |
1 |
0 |
|a Hazardous free surface area of asbestos
|h [elektronikus dokumentum] :
|b changes during removal /
|c Tóth Erzsébet
|
| 260 |
|
|
|a Szegedi Egyetem Ásványtani, Geokémiai és Kőzettani Tanszéke
|b Szeged
|c 2000
|
| 300 |
|
|
|a 72
|
| 490 |
0 |
|
|a Acta mineralogica-petrographica
|v 41
|
| 650 |
|
4 |
|a Természettudományok
|
| 650 |
|
4 |
|a Föld- és kapcsolódó környezettudományok
|
| 695 |
|
|
|a Kőzettan - előadáskivonat, Ásványtan - előadáskivonat, Földtan - előadáskivonat
|
| 700 |
0 |
1 |
|a Weiszburg Tamás G.
|e aut
|
| 700 |
0 |
1 |
|a Kovács Árpád
|e aut
|
| 710 |
|
|
|a ENVIMIN 2000 Symposium on Environmental mineralogy (2000) (Budapest)
|
| 856 |
4 |
0 |
|u http://acta.bibl.u-szeged.hu/25079/1/mineralogica_041_suppl_b_072.pdf
|z Dokumentum-elérés
|